000
00305 a2200133 4500
001
64364
082
_a
515.15 TIE
090
_c
37995
_d
37995
100
_a
Tierney J.A
245
_a
Calculus and Analytic Geometry
250
_a
3
260
_a
Boston
_b
Allyn and Bacon Inc
_c
1975
300
_a
720 p.
942
_a
NUST-CAE
_k
515.15 TIE
999
_c
299437
_d
299437